=LDR 00000nam 2200000 4500 =001 INLIS000000000049787 =005 20170330090217.0 =006 =007 =008 =020 ##$$a 978-602-9434-72-9 =035 ##$$0010-031700000000232 =040 ##$$a NBPDMAT =082 ##$$a 371.92 =090 ##$$a 371.92 Kee s =100 ##$$a Keen Achrony =245 ##$$a Strategi pembelajaran untuk anak disgrafia $c Keen Achrony ; editor Qoni =260 ##$$a Yogyakarta $b Familia $c 2013 =300 ##$$a vi, 80 hlm. $b ilus $c 21 cm. =500 ##$$a Bibliografi : hlm. 77 - 79 Biografi : hlm. 80 =650 ##$$a Disgrafia - Kesulitan belajar =700 ##$$a Qoni =850 ##$$a NBPDMAT